000 01066nam a22003137a 4500
001 BR8202000
003 BR-BrBNA
005 20230928091308.0
007 ta
008 230509b bl.||||| |||| 00| 0 por d
040 _aBR-BrBNA
_bpor
_cBiblioteca Nacional de Agricultura
041 _a(Por)
072 _aL72
_b5240
_b4060
_b/G514
090 _ 5240 BR8202000
100 1 _aNascimento, L.C. do
110 1 _aUniversidade Federal Rural do Rio de Janeiro, Itaguai (Brasil)
_0Tese (Mestre em Ciencias)
_911225
245 1 _aPerfil hematologico de ovinos deslanados submetidos a tratamento anti-helmintico [Verminose; Endoparasita; Brasil]
246 1 _a[Hematological profile of shorn sheep under antihelmintic treatment [Verminosis; Endoparasite; Brazil]]
260 3 _aItaguai, RJ (Brasil):
_c1982.
300 _a89 p.
500 _a45 tables; 21 ref.; Summaries (Eng, Por)
650 _aOVINO
650 _aVERMINOSE
650 _aHEMATOLOGIA
650 _aVERMIFUGO
650 _aPARASITO
909 _a202309
_bLucia
_c55
_dLucia Elande
942 _cBK
999 _c33255
_d33255